000 00287nam a2200121Ia 4500
008 240624s9999 xx 000 0 und d
041 _aeng
082 _a332.64 WIL
100 _aWILMOTT PAUL
245 _aBEST OF WILMOTT 2
260 _c2005
_aChichester
_bJohn Wiley & Sons
365 _c
999 _c20688
_d20688